In adoration of Kamakshi/ (Record no. 58133)

000 -LEADER
fixed length control field 00367nam a22001457a 4500
020 ## - INTERNATIONAL STANDARD BOOK NUMBER
ISBN 9788192711508
082 ## - DEWEY DECIMAL CLASSIFICATION NUMBER
Classification number S 294.5
Item number ASH/I
100 ## - MAIN ENTRY--AUTHOR NAME
Personal name Asha R
245 ## - TITLE STATEMENT
Title In adoration of Kamakshi/
Statement of responsibility, etc by Asha R
260 ## - PUBLICATION, DISTRIBUTION, ETC. (IMPRINT)
Place of publication Chennai:
Name of publisher Adi Sankara Advaita Research Centre,
Year of publication 2013.
300 ## - PHYSICAL DESCRIPTION
Number of Pages 198+xxiv
Other physical details plates 10
650 ## - SUBJECT ADDED ENTRY--TOPICAL TERM
Topical Term Hinduism
650 ## - SUBJECT ADDED ENTRY--TOPICAL TERM
Topical Term Religion
942 ## - ADDED ENTRY ELEMENTS (KOHA)
Koha item type Book
Holdings
Withdrawn status Lost status Damaged status Not for loan Permanent Location Current Location Shelving location Date acquired Cost, normal purchase price Full call number Accession Number Price effective from Koha item type
        Sree Sankaracharya University of Sanskrit Sree Sankaracharya University of Sanskrit Stacks 08.01.2016 300.00 S 294.5 ASH/I 078182 08.01.2016 Book